000 00843nam a2200277 a 4500
001 000003277
003 DO-SdBNP
005 20240123091636.0
007 000003277
008 090707s2003 sp 000 0 spa d
020 _a8497643208
040 _aBPMSU
_bspa
_cBPMSU
082 4 _a362.25
_bG643a 2003
_222
092 _a
100 1 _aGonzález, José Francisco.
245 1 0 _aAnorexia :
_bsuperar los problemas con la alimentación /
_c José Francisco González Ramírez
260 _aBarcelona :
_bEdimat Libros,
_c2003
300 _a189 p. ;
_c23 cm.
490 0 _aSuperación personal
590 _aInventariado, 2024/VM
650 4 _aAnorexia nerviosa.
650 4 _aObesidad
_xAspectos psicológicos.
650 4 _aAnorexia nerviosa
_vEstudio de casos
910 _aVmateo V. Control de calidad. BPMSU
942 _2ddc
_cBK
999 _c14538
_d14538